000 00977nam2a2200265 4500
001 RU\NLR\bibl\884212
005 20250614170011.0
010 _a5-94621-067-X
_9500
021 _aRU
_b2005-51489
_92510
035 _a(NLR Aleph) 000872761
090 _a1609876
_c1609876
100 _a20051206d2003 |||y0rusy50 ca
101 0 _arus
102 _aRU
105 _ay |||||||||
200 1 _aОснования философской суицидологии
210 _d2003
_aБ. м.
215 _a393,[1] с.
320 _aБиблиогр.: с. 384-393 (294 назв.)
461 0 _1001RU\NLR\bibl\906691
_12001#$aВольная смерть$vЧ. 1
_91742470
_aАванесов, С. С. (1963-)
_cТомск
_d2003
_fСергей Аванесов
_nТомский государственный университет
_tВольная смерть
_vЧ. 1
801 0 _aRU
_bNLR
_c20051206
_grcr
801 1 _aRU
_bNLR
_c20051206
942 _cBOOK
980 _aNB